000 00590nam a2200229Ia 4500
003 OSt
005 20220924150140.0
006 a|||||r|||| 00| 0
007 ta
008 220923b |||||||| |||| 00| 0 tel d
024 _a331936
037 _cTextual
040 _aARTS
_cARTS
_btel
041 _2tel
_atel
082 _aO35,1x, N4
100 _aRao Abburi Ramkrishna Au.
_9221354
245 0 _aUhaganamu
_b itara krurdlu
260 _c1994
650 _aTELUGU POETRY
942 _hO35,1x, N4
_cTEXL
_2CC
999 _c462321
_d462321